गीतांजलि / (Record no. 168374)

MARC details
000 -LEADER
fixed length control field 01154nam a22002417a 4500
005 - DATE AND TIME OF LATEST TRANSACTION
control field 20191005152232.0
010 ## - LCCN (DPL NO)
LC control number B-076645
020 ## - INTERNATIONAL STANDARD BOOK NUMBER
Terms of availability 250.00
International Standard Book Number 817711039
035 ## - SYSTEM CONTROL NUMBER
System control number B-076645
082 ## - DEWEY DECIMAL CLASSIFICATION NUMBER
Classification number 863.1
Item number टैगोर
100 ## - MAIN ENTRY--PERSONAL NAME
Personal name टैगोर, रविन्द्रनाथ
245 ## - TITLE STATEMENT
Title गीतांजलि /
Statement of responsibility, etc रविन्द्रनाथ टैगोर ; अनुवादक रमा तिवारी
246 ## - VARYING FORM OF TITLE
Title proper/short title Gitanjali
Remainder of title by Ravindranath Taigor ; anuvadak Rmaa Tivari
260 ## - PUBLICATION, DISTRIBUTION, ETC. (IMPRINT)
Place of publication, distribution, etc जयपुर
Name of publisher, distributor, etc साहित्यागार प्रकाशन
Date of publication, distribution, etc 2002
270 ## - ADDRESS
Address धामानी मार्किट की गली चौड़ा रास्ता
City जयपुर
Postal code -3
300 ## - PHYSICAL DESCRIPTION
Extent 229पृष्ठ. :
Dimensions 21सेमी(सजिल्द)
Other physical details चित्र.
650 ## - SUBJECT ADDED ENTRY--TOPICAL TERM
Topical term or geographic name as entry element हिंदी साहित्य
650 ## - SUBJECT ADDED ENTRY--TOPICAL TERM
Topical term or geographic name as entry element टैगोर का कविता संग्रह
650 ## - SUBJECT ADDED ENTRY--TOPICAL TERM
Topical term or geographic name as entry element hindi literature
650 ## - SUBJECT ADDED ENTRY--TOPICAL TERM
Topical term or geographic name as entry element Tagore 's poetry collection
700 ## - ADDED ENTRY--PERSONAL NAME
Personal name तिवारी, रमा
9 (RLIN) 84102
942 ## - ADDED ENTRY ELEMENTS (KOHA)
Source of classification or shelving scheme Dewey Decimal Classification
Item type Hindi Books
Classification part 863.1
Call number suffix टैगोर

No items available.


© Delhi Public Library
Hit Counter
free hit counter